[Event "18th EUR-ch (w)"]
[Site "Riga LAT"]
[Date "2017.04.17"]
[Round "7.30"]
[White "Petrenko, Svetlana"]
[Black "Charochkina, Daria"]
[Result "1/2-1/2"]
[WhiteElo "2136"]
[BlackElo "2381"]
[EventDate "2017.04.11"]
[PlyCount "169"]

1.Nf3 Nf6 2.d4 d5 3.Bf4 Nh5 4.Bd2 g6 5.e3 Bg7 6.c4 O-O 7.Nc3 e6 8.c5 c6 9.
b4 Nd7 10.Be2 Qe7 11.O-O e5 12.Nxe5 Nxe5 13.dxe5 Qxe5 14.f4 Qe7 15.Kh1 Nf6
16.Rc1 Bf5 17.Bf3 Rad8 18.Ne2 Bd3 19.Qb3 Bc4 20.Qc2 Rfe8 21.Rfe1 h5 22.Nd4
Ng4 23.Bxg4 hxg4 24.Bc3 Qe4 25.Qd2 Bf6 26.Kg1 Bh4 27.g3 Bf6 28.a4 b6 29.
Qd1 bxc5 30.bxc5 Be7 31.Nxc6 Bxc5 32.Bd4 Rc8 33.Bxc5 Rxc6 34.Bxa7 Ra6 35.
Bd4 Qe6 36.Rb1 Qd7 37.Rb4 Qe7 38.Bc3 Re6 39.Qd4 f6 40.Kf2 Qc7 41.Bd2 g5 
42.Kg1 gxf4 43.Qxf4 Qxf4 44.gxf4 f5 45.Reb1 Bd3 46.R1b3 Be4 47.Rb8 Rxb8 
48.Rxb8+ Kf7 49.a5 Rc6 50.Rb2 Rc4 51.Kf2 d4 52.exd4 Rxd4 53.Ra2 Bd5 54.Rc2
Rd3 55.Be3 Ra3 56.Rc5 Ra2+ 57.Ke1 Ke6 58.Bd2 Kd6 59.Rc1 Ra4 60.Kf2 Ke6 61.
Rb1 Ra3 62.Rb6+ Kf7 63.a6 Rh3 64.Kg1 Rd3 65.Bb4 Rb3 66.Kf2 Rb2+ 67.Kg3 
Rg2+ 68.Kh4 Rxh2+ 69.Kg5 Be4 70.Rf6+ Ke8 71.a7 Ra2 72.Bc5 Kd7 73.Rg6 g3 
74.Kf6 Ra5 75.Be3 g2 76.Rg8 Ra6+ 77.Ke5 Re6+ 78.Kd4 Rd6+ 79.Ke5 Rd5+ 80.
Kf6 Rd3 81.Bc5 Rc3 82.a8=Q Bxa8 83.Rxa8 Rxc5 84.Rg8 Rc2 85.Kxf5 1/2-1/2

[Event "18th EUR-ch (w)"]
[Site "Riga LAT"]
[Date "2017.04.17"]
[Round "7.31"]
[White "Papp, Petra"]
[Black "Zherebtsova, Alexandra"]
[Result "1/2-1/2"]
[WhiteElo "2378"]
[BlackElo "2222"]
[EventDate "2017.04.11"]
[PlyCount "49"]

1.e4 e5 2.Nf3 Nc6 3.Bb5 a6 4.Ba4 Nf6 5.O-O Be7 6.Re1 b5 7.Bb3 d6 8.c3 O-O 
9.h3 Na5 10.Bc2 c5 11.d4 Nd7 12.Nbd2 exd4 13.cxd4 Nc6 14.d5 Nce5 15.Nxe5 
Nxe5 16.f4 Ng6 17.Nf3 Bh4 18.Rf1 Bg3 19.f5 Ne5 20.Ng5 h6 21.f6 gxf6 22.Nf3
Kg7 23.a4 b4 24.a5 Rh8 25.Qe2 1/2-1/2

[Event "18th EUR-ch (w)"]
[Site "Riga LAT"]
[Date "2017.04.17"]
[Round "7.32"]
[White "Yildiz, Betul Cemre"]
[Black "Zaksaite, Salomeja"]
[Result "1/2-1/2"]
[WhiteElo "2367"]
[BlackElo "2262"]
[EventDate "2017.04.11"]
[PlyCount "97"]

1.d4 Nf6 2.Nf3 g6 3.Nbd2 d5 4.e3 Bg7 5.b4 Bf5 6.c4 c6 7.Be2 Nbd7 8.O-O O-O
9.Bb2 Ne4 10.Qb3 Ndf6 11.cxd5 cxd5 12.Nxe4 Nxe4 13.Rfc1 g5 14.b5 Be6 15.
Qb4 f5 16.Ba3 Rf7 17.Ne5 Bxe5 18.dxe5 g4 19.Rc2 f4 20.exf4 Qb6 21.Bd3 Rxf4
22.Bxe4 dxe4 23.Qxe7 Rf7 24.Qd6 Rd7 25.Qxb6 axb6 26.Bd6 Ra4 27.a3 Rd4 28.
Rac1 Kf7 29.Rc3 Rd3 30.Kf1 Rd5 31.Rb1 Bf5 32.Ke2 e3 33.Rb4 exf2 34.Rf4 Ke6
35.a4 Rf7 36.g3 Rd4 37.Rc7 Rxc7 38.Bxc7 Rxf4 39.gxf4 Bc2 40.Kxf2 Bxa4 41.
Kg3 Kf5 42.e6 Kxe6 43.Kxg4 Bxb5 44.f5+ Kf6 45.Bxb6 Bd7 46.Bd4+ Kf7 47.Kg5 
b5 48.Bc3 Bc8 49.Bb4 1/2-1/2

[Event "18th EUR-ch (w)"]
[Site "Riga LAT"]
[Date "2017.04.17"]
[Round "7.35"]
[White "Sedina, Elena"]
[Black "Houska, Jovanka"]
[Result "0-1"]
[WhiteElo "2253"]
[BlackElo "2397"]
[EventDate "2017.04.11"]
[PlyCount "100"]

1.e4 c6 2.c4 d5 3.exd5 cxd5 4.cxd5 Nf6 5.Nc3 Nxd5 6.Nf3 Nc6 7.d4 g6 8.Bc4 
Nb6 9.Bb3 Bg7 10.d5 Na5 11.O-O O-O 12.Re1 Bg4 13.Bg5 Re8 14.h3 Bxf3 15.
Qxf3 Nxb3 16.axb3 Nc8 17.Rad1 Nd6 18.g4 Qd7 19.Re2 h6 20.Bf4 Rac8 21.Be5 
b5 22.Qf4 a5 23.Rde1 Bxe5 24.Rxe5 Kg7 25.Qd4 Kh7 26.Ne4 Nxe4 27.Qxe4 Qd6 
28.h4 Rcd8 29.h5 Kg7 30.hxg6 Qxg6 31.Qd4 Kf8 32.Rf5 Kg8 33.Rfe5 Rd7 34.f3 
Qf6 35.Qe3 Red8 36.Rxe7 Rxd5 37.Re8+ Rxe8 38.Qxe8+ Kg7 39.Qe2 Qf4 40.Rd1 
Re5 41.Qf2 Re3 42.b4 Rxf3 43.Qd4+ Qxd4+ 44.Rxd4 a4 45.Rd5 Rb3 46.Rxb5 Rxb2
47.Ra5 Rxb4 48.g5 Rg4+ 49.Kf2 hxg5 50.Kf3 Rf4+ 0-1

[Event "18th EUR-ch (w)"]
[Site "Riga LAT"]
[Date "2017.04.17"]
[Round "7.36"]
[White "Savina, Anastasia"]
[Black "Komiagina, Maria"]
[Result "1/2-1/2"]
[WhiteElo "2378"]
[BlackElo "2247"]
[EventDate "2017.04.11"]
[PlyCount "86"]

1.d4 Nf6 2.c4 e6 3.Nc3 d5 4.cxd5 exd5 5.Bg5 Be7 6.e3 h6 7.Bf4 Bd6 8.Bxd6 
Qxd6 9.Qc2 c6 10.Nf3 O-O 11.Bd3 Re8 12.h3 a5 13.Ne5 Na6 14.a3 Qe7 15.O-O 
Ne4 16.Nxe4 dxe4 17.Bxe4 Be6 18.f4 a4 19.Bh7+ Kh8 20.Bd3 Kg8 21.Rae1 Nc7 
22.g4 Rad8 23.Qg2 Bd5 24.Qg3 Qd6 25.g5 hxg5 26.fxg5 Bb3 27.Qh4 Rxe5 28.
Bh7+ Kf8 29.dxe5 Qxe5 30.Bg6 Rd2 31.Qb4+ Rd6 32.Be4 Na6 33.Qxb7 Qxe4 34.
Qxa6 Bd5 35.Qc8+ Ke7 36.Re2 Qh1+ 37.Kf2 Qh2+ 38.Ke1 Qg3+ 39.Rff2 Bb3 40.
Qb7+ Ke8 41.Qc8+ Ke7 42.Qb7+ Ke8 43.Qc8+ Ke7 1/2-1/2

[Event "18th EUR-ch (w)"]
[Site "Riga LAT"]
[Date "2017.04.17"]
[Round "7.37"]
[White "Isgandarova, Khayala"]
[Black "Badelka, Olga"]
[Result "1-0"]
[WhiteElo "2211"]
[BlackElo "2362"]
[EventDate "2017.04.11"]
[PlyCount "99"]

1.e4 c5 2.Nf3 Nc6 3.Bb5 e6 4.O-O Nge7 5.Re1 Nd4 6.Nxd4 cxd4 7.d3 a6 8.Ba4 
b5 9.Bb3 Nc6 10.Nd2 Bb7 11.f4 Qc7 12.Nf3 Bd6 13.e5 Bc5 14.Ng5 h6 15.Qh5 g6
16.Qh3 Be7 17.Ne4 O-O-O 18.c4 b4 19.c5 Kb8 20.Nd6 Bxd6 21.cxd6 Qb6 22.Bd1 
f5 23.Qg3 Rhg8 24.h4 Rc8 25.Bd2 Nd8 26.Rc1 Rxc1 27.Bxc1 Nf7 28.Bd2 a5 29.
Bh5 Nh8 30.Rc1 Rc8 31.Rxc8+ Bxc8 32.Bd1 Qb5 33.Be2 Qa4 34.Qe1 Qc2 35.Qc1 
Qxc1+ 36.Bxc1 Kb7 37.h5 Kb6 38.hxg6 Nxg6 39.Bh5 Nf8 40.Kf2 Ba6 41.Ke2 Bb7 
42.Bd2 Bxg2 43.Be1 Bh3 44.Kf3 Bg4+ 45.Bxg4 fxg4+ 46.Kxg4 Ng6 47.Bg3 Nh8 
48.Kh5 Kc6 49.Bh4 Kd5 50.Bf6 1-0

[Event "18th EUR-ch (w)"]
[Site "Riga LAT"]
[Date "2017.04.17"]
[Round "7.38"]
[White "Mammadzada, Gunay"]
[Black "Kantane, Anna"]
[Result "0-1"]
[WhiteElo "2348"]
[BlackElo "2230"]
[EventDate "2017.04.11"]
[PlyCount "108"]

1.e4 c5 2.Nf3 e6 3.d4 cxd4 4.Nxd4 Nc6 5.Nc3 Qc7 6.Be3 Nf6 7.f4 Nxd4 8.Bxd4
Bb4 9.Qf3 b6 10.O-O-O Bb7 11.Bd3 Bxc3 12.Bxc3 O-O-O 13.Bd4 d5 14.e5 Ne4 
15.c3 Kb8 16.g4 Nc5 17.Bc2 Ba6 18.Kb1 Qc6 19.h4 Qb5 20.Rh2 Rd7 21.Ka1 Rc7 
22.h5 Bb7 23.Qf1 Qc6 24.f5 Ne4 25.Qf4 Rhc8 26.Qe3 Ba8 27.Rg2 Qb5 28.Bd3 
Qa4 29.Bc2 Qb5 30.Bd3 Qa4 31.Re1 Bb7 32.f6 g6 33.Bc2 Qb5 34.Rh2 Nc5 35.Qe2
Qe8 36.Qd2 a5 37.Qh6 Qg8 38.Qg7 Ba6 39.hxg6 hxg6 40.Qxg8 Rxg8 41.Reh1 Kb7 
42.Rh7 Be2 43.Rg7 Rf8 44.Rhh7 Ne4 45.Rh4 Rd8 46.b3 b5 47.Kb2 b4 48.c4 Ng5 
49.Be3 Nf3 50.Rhh7 d4 51.Be4+ Ka6 52.Bf2 Ng5 53.Bb1 Nxh7 54.Rxh7 d3 0-1

[Event "18th EUR-ch (w)"]
[Site "Riga LAT"]
[Date "2017.04.17"]
[Round "7.39"]
[White "Olde, Margareth"]
[Black "Antova, Gabriela"]
[Result "1/2-1/2"]
[WhiteElo "2110"]
[BlackElo "2335"]
[EventDate "2017.04.11"]
[PlyCount "113"]

1.d4 d5 2.c4 e6 3.Nf3 Nf6 4.g3 Be7 5.Bg2 O-O 6.Qc2 dxc4 7.Qxc4 a6 8.O-O b5
9.Qc2 Bb7 10.Nc3 Nbd7 11.e3 c5 12.a3 Rc8 13.Qe2 cxd4 14.exd4 Nb6 15.Rd1 h6
16.Bd2 Nc4 17.Be1 Re8 18.Ne5 Bxg2 19.Kxg2 Qb6 20.f3 Qb7 21.Kg1 Red8 22.
Nxc4 Rxc4 23.Bf2 Rdc8 24.Qe3 Nd5 25.Nxd5 Qxd5 26.Rac1 Bg5 27.Rxc4 Qxc4 28.
f4 Bf6 29.h4 h5 30.Kh2 Qc2 31.Rd2 Qf5 32.Qe2 Rc1 33.d5 exd5 34.Qe8+ Kh7 
35.Qxf7 Qe4 36.Qxh5+ Kg8 37.Qxd5+ Qxd5 38.Rxd5 Rc2 39.Kg2 Bxb2 40.Rd3 Bf6 
41.Kf3 Be7 42.Be1 Rc4 43.Rb3 Kf7 44.h5 Bf8 45.Bb4 Be7 46.Bxe7 Kxe7 47.Kg4 
Kf6 48.Rd3 Ra4 49.Kh4 Kf5 50.Re3 Re4 51.Rd3 Ra4 52.Kh3 Ke6 53.Kg4 Kf6 54.
Rd6+ Ke7 55.Rd3 Kf6 56.Rd6+ Ke7 57.Rd3 1/2-1/2

[Event "18th EUR-ch (w)"]
[Site "Riga LAT"]
[Date "2017.04.17"]
[Round "7.42"]
[White "Ozturk, Kubra"]
[Black "Semenova, Elena"]
[Result "1/2-1/2"]
[WhiteElo "2261"]
[BlackElo "2212"]
[EventDate "2017.04.11"]
[PlyCount "120"]

1.d4 Nf6 2.c4 e6 3.Nc3 Bb4 4.e3 O-O 5.Ne2 c6 6.a3 Ba5 7.Ng3 d5 8.Bd3 dxc4 
9.Bxc4 c5 10.O-O cxd4 11.exd4 Nc6 12.b4 Bb6 13.d5 Bd4 14.dxc6 Bxc3 15.cxb7
Bxb7 16.Qxd8 Rfxd8 17.Rb1 Rac8 18.Be2 Ne4 19.Bf3 Nxg3 20.hxg3 Bxf3 21.gxf3
Bd4 22.Rb3 Rc2 23.Be3 Bxe3 24.Rxe3 g6 25.f4 Rd5 26.Rfe1 h5 27.Rb1 Rdd2 28.
Rf3 Kg7 29.Re1 Rd5 30.Kg2 Rb2 31.Rc3 Ra2 32.Ree3 Rdd2 33.Rf3 Rd6 34.Rc7 a6
35.Ra7 Kf8 36.Rc3 Rdd2 37.Rf3 Rdb2 38.Rxa6 Rxb4 39.axb4 Rxa6 40.b5 Rb6 41.
Rb3 Ke7 42.Kf3 Kd6 43.Ke4 f6 44.Kd4 Rb8 45.Kc4 Ra8 46.Kb4 Ra2 47.Rd3+ Kc7 
48.Rc3+ Kb7 49.Rf3 Rc2 50.Re3 Rxf2 51.Rxe6 h4 52.gxh4 Rxf4+ 53.Kc5 Rxh4 
54.Rb6+ Kc7 55.Rxf6 Rh5+ 56.Kb4 Rh7 57.Rxg6 Kb7 58.Ka5 Rf7 59.Rg5 Re7 60.
b6 Rh7 1/2-1/2

[Event "18th EUR-ch (w)"]
[Site "Riga LAT"]
[Date "2017.04.17"]
[Round "7.44"]
[White "Daulyte, Deimante"]
[Black "Pavlidou, Ekaterini"]
[Result "1-0"]
[WhiteElo "2443"]
[BlackElo "2180"]
[EventDate "2017.04.11"]
[PlyCount "115"]

1.e4 c5 2.Nf3 e6 3.d4 cxd4 4.Nxd4 Nc6 5.Nc3 Qc7 6.Be2 a6 7.O-O Nf6 8.Be3 
Bb4 9.Nxc6 Bxc3 10.bxc3 Qxc6 11.Bd4 Nxe4 12.Bxg7 Nxc3 13.Bxc3 Qxc3 14.f4 
Qc5+ 15.Kh1 b5 16.f5 e5 17.Bf3 Ra7 18.Re1 d6 19.Qd3 Ke7 20.Rad1 f6 21.Bd5 
Kd8 22.c4 b4 23.Qg3 Re7 24.Qh4 Rf8 25.Qh6 Ke8 26.Rf1 Qc7 27.c5 dxc5 28.Bf3
Ref7 29.Bh5 Qc6 30.Qxh7 Ke7 31.Bxf7 Rxf7 32.Qg8 Rf8 33.Qc4 Bb7 34.Rf2 Rd8 
35.Rxd8 Kxd8 36.Rc2 Qd7 37.Qg8+ Kc7 38.Rxc5+ Kb6 39.Rc1 Qxf5 40.Qc4 a5 41.
Qc5+ Ka6 42.Kg1 Qe4 43.Qf2 Qd4 44.h4 Kb5 45.h5 a4 46.h6 Be4 47.Qxd4 exd4 
48.Re1 Bg6 49.Re7 Kc4 50.h7 Bxh7 51.Rxh7 Kc3 52.Rc7+ Kb2 53.Rc4 d3 54.Kf2 
b3 55.axb3 a3 56.Ke3 Kxb3 57.Kxd3 a2 58.Rc1 1-0

[Event "18th EUR-ch (w)"]
[Site "Riga LAT"]
[Date "2017.04.17"]
[Round "7.46"]
[White "Utiatskaya, Irina"]
[Black "Milliet, Sophie"]
[Result "1/2-1/2"]
[WhiteElo "2152"]
[BlackElo "2352"]
[EventDate "2017.04.11"]
[PlyCount "81"]

1.d4 Nf6 2.c4 b6 3.Nf3 Bb7 4.g3 g6 5.Bg2 Bg7 6.d5 O-O 7.O-O Qe8 8.Nc3 e5 
9.e4 d6 10.Ne1 a5 11.Nd3 Na6 12.Be3 Nd7 13.Rb1 Nac5 14.b3 f5 15.f3 f4 16.
Bxc5 Nxc5 17.Bh3 fxg3 18.hxg3 Bh6 19.Qe2 Qe7 20.Nxc5 bxc5 21.Kg2 Ba6 22.a4
Bg5 23.Be6+ Kg7 24.Nd1 Rab8 25.Nf2 Bc8 26.Bxc8 Rbxc8 27.Qe1 h5 28.Nh3 h4 
29.g4 Ra8 30.Qc3 Bf4 31.Rb2 Qf6 32.Rbb1 Rfb8 33.Rb2 Rb4 34.Rfb1 Rab8 35.
Qd3 Ra8 36.Rf1 Rab8 37.Rfb1 Kf7 38.Qe2 Qh8 39.Qe1 g5 40.Qc3 R8b7 41.Qd3 
1/2-1/2

[Event "18th EUR-ch (w)"]
[Site "Riga LAT"]
[Date "2017.04.17"]
[Round "7.47"]
[White "Dolukhanova, Evgeniya"]
[Black "Erneste, Inguna"]
[Result "1-0"]
[WhiteElo "2287"]
[BlackElo "2168"]
[EventDate "2017.04.11"]
[PlyCount "105"]

1.e4 e5 2.Nf3 Nc6 3.Bb5 a6 4.Ba4 Nf6 5.d3 b5 6.Bb3 d6 7.Ng5 d5 8.exd5 Nd4 
9.c4 Bg4 10.f3 Bh5 11.Nc3 Be7 12.O-O O-O 13.Qe1 Nd7 14.Nh3 Bg6 15.Nf2 Nc5 
16.Qd1 Kh8 17.Ne2 Ncxb3 18.axb3 Bc5 19.Nxd4 Bxd4 20.Qe2 Qd6 21.Be3 Qc5 22.
Bxd4 Qxd4 23.Kh1 Rfb8 24.Rfd1 a5 25.Ne4 a4 26.Nc3 a3 27.Nxb5 Qxb2 28.Qxb2 
axb2 29.Rab1 Ra2 30.Rd2 Rb7 31.Kg1 Ra1 32.Rxb2 Rxb1+ 33.Rxb1 Bxd3 34.Ra1 
g6 35.Ra8+ Kg7 36.Rc8 Bc2 37.Rxc7 Rxc7 38.Nxc7 Bxb3 39.c5 Kf6 40.d6 Ba4 
41.Kf2 Bc6 42.Ke3 h6 43.g3 Bb7 44.f4 Bc6 45.Na6 exf4+ 46.Kxf4 g5+ 47.Ke3 
Ke6 48.Kd4 f6 49.Nb8 Bg2 50.d7 Ke7 51.c6 Kd8 52.Kc5 Kc7 53.Na6+ 1-0

[Event "18th EUR-ch (w)"]
[Site "Riga LAT"]
[Date "2017.04.17"]
[Round "7.48"]
[White "Travkina, Anastasia"]
[Black "Tsoganova, Monika"]
[Result "1/2-1/2"]
[WhiteElo "2287"]
[BlackElo "2111"]
[EventDate "2017.04.11"]
[PlyCount "81"]

1.e4 c5 2.Nf3 d6 3.d4 cxd4 4.Nxd4 Nf6 5.Nc3 a6 6.Bg5 e6 7.f4 h6 8.Bh4 Nbd7
9.Qf3 Be7 10.O-O-O Qc7 11.g4 g5 12.fxg5 Ne5 13.Qg3 Nfxg4 14.gxh6 Bxh4 15.
Qxh4 Rxh6 16.Qg3 Bd7 17.Be2 Rg6 18.h4 O-O-O 19.h5 Rgg8 20.Rh4 Nh6 21.Qf4 
Rh8 22.Nf3 f5 23.Nxe5 dxe5 24.Qf2 Bc6 25.Bc4 Rxd1+ 26.Nxd1 Bxe4 27.Bxe6+ 
Kb8 28.Nc3 Qe7 29.Nxe4 Qxe6 30.Nc5 Qd5 31.Rb4 Qh1+ 32.Kd2 Rd8+ 33.Nd3 Qxh5
34.Qb6 Qh2+ 35.Kc3 Rc8+ 36.Nc5 Qg3+ 37.Kc4 Qg8+ 38.Kc3 Qg3+ 39.Kc4 Qg8+ 
40.Kc3 Qg3+ 41.Kc4 1/2-1/2

[Event "18th EUR-ch (w)"]
[Site "Riga LAT"]
[Date "2017.04.17"]
[Round "7.54"]
[White "Toma, Katarzyna"]
[Black "Grapsa, Georgia"]
[Result "1-0"]
[WhiteElo "2229"]
[BlackElo "2049"]
[EventDate "2017.04.11"]
[PlyCount "93"]

1.e4 c5 2.Nf3 d6 3.d4 Nf6 4.Bb5+ Nbd7 5.O-O cxd4 6.Qxd4 e5 7.Qd3 h6 8.c4 
a6 9.Bxd7+ Bxd7 10.Nc3 Rc8 11.a4 Be7 12.Be3 O-O 13.a5 Be6 14.b3 Qc7 15.Nd2
Nd7 16.Rfd1 Nc5 17.Qb1 f5 18.exf5 Bxf5 19.Qa2 Be6 20.Bxc5 dxc5 21.Nde4 Qc6
22.Nd5 Bh4 23.Qe2 Rcd8 24.Qh5 Bxd5 25.Qxh4 Bxe4 26.Rxd8 Bxg2 27.Rxf8+ Kxf8
28.Re1 Bf3 29.h3 e4 30.Qf4+ Kg8 31.Kh2 Qd7 32.Rg1 Qd4 33.Qg3 g5 34.h4 g4 
35.Qb8+ Kg7 36.Qg3 Kf6 37.Qf4+ Kg6 38.Kg3 Kg7 39.h5 Qc3 40.Qc7+ Kh8 41.
Qb8+ Kg7 42.Qxb7+ Kf6 43.Qxa6+ Ke5 44.Qxh6 Qxb3 45.Qe3 Qxc4 46.Rc1 Qd3 47.
Qxc5+ 1-0

[Event "18th EUR-ch (w)"]
[Site "Riga LAT"]
[Date "2017.04.17"]
[Round "7.60"]
[White "Heinatz, Maria"]
[Black "Caglar, Sila"]
[Result "1/2-1/2"]
[WhiteElo "1990"]
[BlackElo "2093"]
[EventDate "2017.04.11"]
[PlyCount "95"]

1.Nf3 Nf6 2.d4 g6 3.Bg5 d6 4.e3 Bg7 5.Bd3 O-O 6.Nbd2 Nbd7 7.O-O c5 8.c3 
Qc7 9.Re1 Re8 10.e4 h6 11.Bxf6 Bxf6 12.Qe2 Bg7 13.e5 dxe5 14.dxe5 Nf8 15.
Bc4 Ne6 16.Qe4 Bd7 17.Nh4 Rad8 18.Ndf3 Bc6 19.Qg4 h5 20.Qg3 Bd5 21.Bb5 Bc6
22.Bc4 Bd5 23.Bb5 Rf8 24.Ng5 Nxg5 25.Qxg5 Be6 26.Qe3 Rd5 27.Nf3 c4 28.Ba4 
Bg4 29.e6 Bxe6 30.Bc2 Bg4 31.Qxe7 Qxe7 32.Rxe7 Bxf3 33.gxf3 Rb5 34.Be4 
Rxb2 35.Rxb7 Bxc3 36.Rc1 Rxb7 37.Bxb7 Bd4 38.Rxc4 Rd8 39.Rc8 Rxc8 40.Bxc8 
g5 41.f4 gxf4 42.Kg2 Kg7 43.h3 Kf6 44.Ba6 Kg5 45.f3 Bc5 46.Bc4 f6 47.Be6 
a5 48.Bf7 1/2-1/2

[Event "18th EUR-ch (w)"]
[Site "Riga LAT"]
[Date "2017.04.17"]
[Round "7.61"]
[White "Ivanova, Katrina Telma"]
[Black "Hapala, Elisabeth"]
[Result "0-1"]
[WhiteElo "1340"]
[BlackElo "2091"]
[EventDate "2017.04.11"]
[PlyCount "98"]

1.e4 c5 2.Nf3 e6 3.d4 cxd4 4.Nxd4 Nc6 5.Nxc6 bxc6 6.Bd3 Nf6 7.O-O d5 8.Qf3
Bd6 9.Re1 dxe4 10.Bxe4 Nxe4 11.Qxe4 Qc7 12.h3 Bb7 13.Nd2 c5 14.Qg4 h5 15.
Qe2 Qc6 16.Qe4 Qd7 17.Qe2 Bc7 18.Qd3 Qc6 19.Qe4 Qa6 20.Qd3 Qc6 21.Qe4 Qb6 
22.Qa4+ Bc6 23.Qb3 O-O 24.Qxb6 axb6 25.Nc4 b5 26.Ne5 Be8 27.b3 Bd6 28.Bb2 
f6 29.Nf3 Bf7 30.a3 Rfd8 31.Rad1 Bc7 32.g3 e5 33.Rc1 c4 34.b4 Bd5 35.Nh4 
Rd7 36.Ng2 Rad8 37.Ne3 Bf3 38.Ra1 Bb6 39.Bc3 Bd4 40.Bxd4 exd4 41.Nd1 Ra7 
42.Re6 Rda8 43.Kf1 Rxa3 44.Rxa3 Rxa3 45.Re1 c3 46.Kg1 Ra1 47.Kf1 Rxd1 48.
Rxd1 Bxd1 49.Ke1 Bxc2 0-1

[Event "18th EUR-ch (w)"]
[Site "Riga LAT"]
[Date "2017.04.17"]
[Round "7.62"]
[White "Krumina, Linda"]
[Black "Ozbay, Ece"]
[Result "1-0"]
[WhiteElo "2090"]
[BlackElo "2035"]
[EventDate "2017.04.11"]
[PlyCount "85"]

1.d4 d5 2.c4 c6 3.Nc3 Nf6 4.e3 Bf5 5.Nf3 e6 6.Be2 Be7 7.O-O Nbd7 8.b3 O-O 
9.Bb2 Qc7 10.Rc1 Rad8 11.cxd5 exd5 12.Nh4 Bg6 13.f4 Be4 14.Qe1 Rfe8 15.g4 
h6 16.Qf2 Qd6 17.g5 Nh7 18.Nxe4 dxe4 19.Nf5 Qg6 20.Nxe7+ Rxe7 21.h4 hxg5 
22.fxg5 f6 23.Ba3 Ree8 24.Kh1 Kh8 25.Rg1 fxg5 26.hxg5 Nhf8 27.Rg2 Kg8 28.
Rh2 Qxg5 29.Rf1 Qf6 30.Qg3 b5 31.Rxf6 Nxf6 32.Qh4 Rd5 33.Qh8+ Kf7 34.Qh3 
Ng6 35.Qg3 Ne7 36.Bxe7 Rxe7 37.Qb8 Rf5 38.Qc8 g6 39.Qxc6 Kg7 40.Rg2 g5 41.
Kg1 Nd5 42.Bg4 Nb4 43.Qd6 1-0

[Event "18th EUR-ch (w)"]
[Site "Riga LAT"]
[Date "2017.04.17"]
[Round "7.63"]
[White "Baptista, Ana Filipa"]
[Black "Harlinska, Sandra"]
[Result "1-0"]
[WhiteElo "2071"]
[BlackElo "1881"]
[EventDate "2017.04.11"]
[PlyCount "68"]

1.e4 g6 2.d4 Bg7 3.Nf3 d6 4.c3 Nf6 5.Bd3 O-O 6.O-O c6 7.Nbd2 Qc7 8.Re1 e5 
9.dxe5 dxe5 10.Nc4 Nbd7 11.Bc2 Ne8 12.a4 b5 13.axb5 cxb5 14.Qd5 Qb7 15.Na5
Qxd5 16.exd5 Nd6 17.Nc6 Bb7 18.Nxa7 Nc8 19.Be3 Nxa7 20.Bxa7 Bxd5 21.Red1 
Bxf3 22.gxf3 Rfd8 23.Be4 Rac8 24.Bb7 Rc7 25.Bb6 Rxb7 26.Bxd8 f5 27.Ra5 e4 
28.fxe4 fxe4 29.Re1 b4 30.cxb4 Nf6 31.Bxf6 Bxf6 32.Rxe4 Bxb2 33.b5 Kf7 34.
Kf1 Bf6 1-0

[Event "18th EUR-ch (w)"]
[Site "Riga LAT"]
[Date "2017.04.17"]
[Round "7.64"]
[White "Otikova, Elina"]
[Black "Maklakova, Nellija"]
[Result "1/2-1/2"]
[WhiteElo "2049"]
[BlackElo "1829"]
[EventDate "2017.04.11"]
[PlyCount "108"]

1.e4 c5 2.Nf3 e6 3.d4 cxd4 4.Nxd4 Nf6 5.Nc3 Bb4 6.e5 Nd5 7.Bd2 Nxc3 8.bxc3
Be7 9.Qg4 g6 10.Bh6 Qc7 11.Qg3 a6 12.Be2 d5 13.O-O Nd7 14.Qe3 Rg8 15.Nf3 
g5 16.Bxg5 Bxg5 17.Nxg5 Qxe5 18.Qxe5 Nxe5 19.Nxh7 Ke7 20.f4 Nc4 21.Ng5 Ne3
22.Rf3 Nxc2 23.Rc1 Na3 24.c4 Nxc4 25.Bxc4 dxc4 26.Rxc4 f6 27.Ne4 Rd8 28.
Rc7+ Rd7 29.Rfc3 f5 30.Rxc8 Rxc8 31.Rxc8 fxe4 32.Rc2 Kf6 33.Kf2 Kf5 34.g3 
Rd5 35.Ke2 a5 36.h3 e5 37.Rc8 exf4 38.Rf8+ Ke5 39.gxf4+ Kd4 40.f5 Ke5 41.
f6 Ke6 42.Ke3 Rd3+ 43.Kxe4 Rxh3 44.f7 Rh4+ 45.Kd3 Rf4 46.Ra8 Rxf7 47.Rxa5 
Kd6 48.Rh5 Rf2 49.a4 Rf4 50.a5 Kc6 51.Kc3 Re4 52.Rh6+ Kc7 53.Kb3 Rf4 54.
Rh3 Kc6 1/2-1/2

[Event "18th EUR-ch (w)"]
[Site "Riga LAT"]
[Date "2017.04.17"]
[Round "7.65"]
[White "Paramzina, Anastasia"]
[Black "Atte, Rebeka"]
[Result "1-0"]
[WhiteElo "2202"]
[BlackElo "1498"]
[EventDate "2017.04.11"]
[PlyCount "85"]

1.e4 c5 2.Nf3 g6 3.d4 cxd4 4.Nxd4 Bg7 5.c4 Nf6 6.Nc3 Nc6 7.Be3 d6 8.Be2 
O-O 9.O-O Bd7 10.Rc1 Nxd4 11.Bxd4 Bc6 12.f3 Nd7 13.Be3 a5 14.b3 Nc5 15.Qd2
Be5 16.Rfd1 e6 17.Qe1 Qe7 18.Nb5 Rfd8 19.Nd4 Qc7 20.Kh1 Na6 21.Qg1 Qe7 22.
Qe1 Qc7 23.Qf2 Qe7 24.Bf1 Nc7 25.Rd2 Ne8 26.Rcd1 Ng7 27.Nxc6 bxc6 28.f4 
Bc3 29.Rd3 Bb4 30.Qb2 Bc5 31.Bc1 Rdb8 32.a3 Ra6 33.Bd2 Qb7 34.Rb1 Nh5 35.
b4 axb4 36.axb4 Rb6 37.Rb3 d5 38.Be2 Ng7 39.Bc3 Ne8 40.Qd2 Bd6 41.R3b2 d4 
42.Qxd4 f6 43.c5 1-0

[Event "18th EUR-ch (w)"]
[Site "Riga LAT"]
[Date "2017.04.17"]
[Round "7.66"]
[White "Vidruska, Renate"]
[Black "Golsta, Madara"]
[Result "1-0"]
[WhiteElo "2093"]
[BlackElo "1619"]
[EventDate "2017.04.11"]
[PlyCount "77"]

1.e4 c5 2.Nf3 g6 3.d4 cxd4 4.Nxd4 Bg7 5.Nc3 Nc6 6.Nde2 Nf6 7.g3 O-O 8.Bg2 
d6 9.O-O Bd7 10.h3 Rb8 11.a4 Na5 12.Kh2 Bc6 13.Nd4 Qc8 14.b3 Bd7 15.Bb2 
Nc6 16.Nde2 Rd8 17.Rb1 a6 18.Nd5 Nxd5 19.exd5 Na5 20.Bxg7 Kxg7 21.c4 b5 
22.cxb5 axb5 23.Rc1 Qb7 24.b4 Nc4 25.a5 Ra8 26.Nd4 Ra6 27.Re1 Re8 28.f4 
Qa8 29.Re2 Kf8 30.Bf3 Qb8 31.Qd3 Qc8 32.Nc6 Bxc6 33.dxc6 Qc7 34.Rxc4 bxc4 
35.Qxc4 Qa7 36.Ra2 e6 37.Qc3 d5 38.b5 Rb6 39.Qc5+ 1-0

[Event "18th EUR-ch (w)"]
[Site "Riga LAT"]
[Date "2017.04.17"]
[Round "7.67"]
[White "Sinitsina, Anastassia"]
[Black "Golsta, Ramona"]
[Result "1-0"]
[WhiteElo "2052"]
[BlackElo "1560"]
[EventDate "2017.04.11"]
[PlyCount "97"]

1.e4 c5 2.Nf3 Nc6 3.d4 cxd4 4.Nxd4 e5 5.Nb5 a6 6.Nd6+ Bxd6 7.Qxd6 Qe7 8.
Qd2 Nf6 9.Nc3 O-O 10.Be2 Qe6 11.O-O b5 12.f3 Nd4 13.Bd3 Bb7 14.Re1 Rfe8 
15.Qf2 d5 16.exd5 Nxd5 17.Nxd5 Bxd5 18.c3 Nf5 19.a4 Nd6 20.axb5 axb5 21.
Rxa8 Rxa8 22.Qe2 Bc4 23.Bxc4 Nxc4 24.b3 Nd6 25.Qxe5 Qxe5 26.Rxe5 Ra1 27.
Re1 Kf8 28.Kf2 Ra2+ 29.Re2 Rxe2+ 30.Kxe2 Ke8 31.Kd3 Kd7 32.Ba3 Nb7 33.Bf8 
g6 34.Kd4 f6 35.Kd5 Na5 36.b4 Nc4 37.Bc5 Na3 38.Bd4 Ke7 39.Kc5 Ke6 40.Be3 
Nb1 41.Kxb5 Nxc3+ 42.Kc6 Nd5 43.Bc5 f5 44.b5 g5 45.b6 Nf6 46.b7 Nd7 47.Bd6
g4 48.f4 h5 49.g3 1-0

[Event "18th EUR-ch (w)"]
[Site "Riga LAT"]
[Date "2017.04.17"]
[Round "7.69"]
[White "Ristoja, Aulikki"]
[Black "Sibajeva, Marija"]
[Result "0-1"]
[WhiteElo "1716"]
[BlackElo "2011"]
[EventDate "2017.04.11"]
[PlyCount "104"]

1.d4 d5 2.c4 c6 3.cxd5 cxd5 4.Nc3 Nc6 5.a3 Nf6 6.Nf3 e6 7.Bg5 Be7 8.e3 O-O
9.Bd3 Bd7 10.Rc1 Rc8 11.O-O h6 12.Bxf6 Bxf6 13.b4 Nb8 14.Bb1 Be7 15.Qd3 f5
16.Ne5 Bd6 17.f4 a5 18.Nb5 Bxe5 19.fxe5 Rxc1 20.Rxc1 axb4 21.axb4 Qb6 22.
Nd6 Qxb4 23.Bc2 Bc6 24.Rb1 Qa5 25.Qb3 Qd2 26.Rd1 Qe2 27.Rf1 Nd7 28.Rf2 Qa6
29.h3 Qb6 30.Qd3 Qb4 31.g4 Qe1+ 32.Kg2 g6 33.gxf5 gxf5 34.Nxf5 Rxf5 35.
Rxf5 exf5 36.Qxf5 Qe2+ 37.Kg3 Qxe3+ 38.Kh2 Qd2+ 39.Kh1 Qc1+ 40.Kh2 Nf8 41.
e6 Qd2+ 42.Kh1 Qe1+ 43.Kh2 Qxe6 44.Qf2 Qf7 45.Qg3+ Qg7 46.Qe3 Qg5 47.Qf2 
Ne6 48.Kh1 Qc1+ 49.Kg2 Qf4 50.Qe2 Nxd4 51.Bh7+ Kxh7 52.Qe7+ Kg6 0-1

[Event "18th EUR-ch (w)"]
[Site "Riga LAT"]
[Date "2017.04.17"]
[Round "7.70"]
[White "Vainovska, Valentina"]
[Black "Nikolajeva, Marija"]
[Result "1/2-1/2"]
[WhiteElo "1792"]
[BlackElo "1673"]
[EventDate "2017.04.11"]
[PlyCount "129"]

1.d4 d5 2.Nf3 Nf6 3.Bf4 Bf5 4.Nbd2 e6 5.e3 Bd6 6.Bxd6 Qxd6 7.Be2 Nbd7 8.
O-O O-O 9.c4 c5 10.Rc1 Rac8 11.Nh4 Bg6 12.Nxg6 hxg6 13.cxd5 exd5 14.dxc5 
Rxc5 15.Nb3 Rxc1 16.Qxc1 Nb6 17.Rd1 Rc8 18.Qb1 Qe5 19.Nd4 a6 20.b4 Ne4 21.
Qb2 Nc3 22.Re1 Nxe2+ 23.Qxe2 Rc4 24.Qd2 Qe8 25.h3 Na4 26.Rc1 Qc8 27.Re1 b5
28.Nf3 Nc3 29.a3 Qf5 30.Nd4 Qe4 31.f3 Qh4 32.Kh2 Qf6 33.Nb3 Qe5+ 34.g3 Qf5
35.Nd4 Qf6 36.Kg2 Qb6 37.h4 Qc7 38.Nb3 Ne4 39.fxe4 Rc2 40.exd5 Rxd2+ 41.
Nxd2 Qc2 42.Re2 Qd3 43.Kf2 Qxd5 44.Nf3 Qb3 45.Rd2 Kf8 46.Ne5 Qc3 47.Nd7+ 
Ke7 48.Rd4 a5 49.Nc5 Qxa3 50.Re4+ Kd6 51.Nb7+ Kd7 52.Rd4+ Kc7 53.Nxa5 f5 
54.Kf3 Qc1 55.Kf2 Qc3 56.Ke2 Qb2+ 57.Kf3 Qa1 58.Kf2 Qb2+ 59.Kf3 Qa1 60.Kf2
Qb2+ 61.Kf3 Qc2 62.g4 fxg4+ 63.Rxg4 Qf5+ 64.Rf4 Qh3+ 65.Ke2 1/2-1/2

[Event "18th EUR-ch (w)"]
[Site "Riga LAT"]
[Date "2017.04.17"]
[Round "7.71"]
[White "Norlamo, Sarabella"]
[Black "Mieze, Natalja"]
[Result "1-0"]
[WhiteElo "1619"]
[BlackElo "1223"]
[EventDate "2017.04.11"]
[PlyCount "69"]

1.e4 c5 2.Nf3 d6 3.d4 Bg4 4.Bb5+ Nd7 5.dxc5 Qa5+ 6.Nc3 a6 7.Bxd7+ Bxd7 8.
cxd6 exd6 9.O-O Bc6 10.Nd4 g6 11.Nxc6 bxc6 12.Qd4 f6 13.Qa4 Qd8 14.Qxc6+ 
Kf7 15.Rd1 Rc8 16.Qxa6 Nh6 17.Bxh6 Bxh6 18.Qxd6 Qe8 19.Qd7+ Qe7 20.Qxe7+ 
Kxe7 21.Nd5+ Ke6 22.c3 f5 23.f3 f4 24.Rd4 g5 25.a4 Bg7 26.Rb4 Be5 27.a5 h5
28.Rb6+ Kf7 29.Rb7+ Ke6 30.a6 g4 31.Re7+ Kd6 32.a7 Ra8 33.Ra6+ Kc5 34.Rxe5
gxf3 35.Ne3# 1-0